000
00312nam a22001337a 4500
020
_a
978-1-845593-263-3
041
_a
ENG
100
_a
Laycock.A
245
_a
Irrigaton Systems Design ,Planning And Construction
260
_a
Delhi
_b
Cabi Org
_c
2011
300
_a
285
650
_a
IDE
856
_u
IDE ( 44 )
999
_c
1574
_d
1574